Talianky ostali na tróne Majstrovstvá Európy volejbalistiek

Bibliographic Details
Format: Article
Language:Slovak
Subjects:

MARC

LEADER 00000nab a2200000 ar4500
001 vtls009962484
003 SK-MaSNL
005 20260303192555.0
008 091022c20091005xo dr|n|||||||000 b|slo
015 |a SNBRB2009/11  |2 snkbucl 
038 |a SNKBUCL 
040 |a SNKBUCL  |b slo  |c SNKBUCL  |e AACR2 
041 0 |a slo 
044 |a xo  |c SK 
080 |a 796.325.093.1  |x (4)  |2 2001 
245 0 0 |a Talianky ostali na tróne  |b Majstrovstvá Európy volejbalistiek 
611 2 7 |a Majstrovstvá Európy volejbalistiek  |d (2009 :  |c Poľsko)  |2 snkbucl  |9 1223116 
650 0 7 |a volejbal  |2 snkbucl  |9 3294 
650 0 7 |a ženy  |2 snkbucl  |9 4865 
773 0 |t Šport  |g Roč. 63, č. 229 (5.10.2009), s. 44  |x 0139-7001 
852 |a SNK  |b KIS3GCP 
999 |c 2147113  |d 2149043